00826nam a2200217Ia 4500003000900000008004100009020002200050040001600072080001200088100002300100245009600123260002900219300001500248490004900263650003400312650005000346650006000396942000700456999001700463952012800480IN-BaIIA211028s9999 xx 000 0 eng d a978-1-4614-8765-4 cIIA Library a52bEAG aEagle, Dave936201 0aFrom casual stargazer to amateur astronomerbhow to advance to the next level.cDave Eagle  aNew YorkbSpringerc2014 axvi, 258p. aThe patrick moore practical astronomy series aAstronomy - Amateurs' manuals aAstronomy, Observations and Techniques932107 aPopular Science in Astronomy;Science / Astronomy936202 cBK c18959d18959 00104070aBANbBANcGENd2015-01-23eANJ g7074.00l0o52/ EAGp19881r2021-11-05v7074.00w2015-01-23yBKGRs. 7074.00